000 00502nam a22001457a 4500
999 _c536100
_d536100
082 _a616.07
100 _aMehboob, Naila
245 _aAnalysis of Histopathological Prognostic Markers and Immunohistochemical Proliferation Markers in Wilms Tumor /
_cNaila Mehboob
260 _aIslamabad :
_bAMC - NUST,
_c2015.
300 _a88 p. ;
_c30cm.
942 _2ddc
_cTHE
650 _aHistopathology-MS-THESIS
_930707
700 _aShahid Jamal
_916862